000 00540nam a2200205Ia 4500
001 7247
003 GE_BSU
008 181216s||||||||xx |||||||||||||| ||und||
040 _cGE_BSU
080 _a69(075.32)
100 _aБулгаков,С.Н.
245 _aСтроительное дело.
245 _bУчебник.
260 _aМ.
260 _bСтройиздат.
260 _c1980.
300 _a317стр.с иил.21см.библиогр.:стр.314.
653 _aСтроительное дело.
942 _cBK
999 _c40620
_d40620